Separát štatistickej ročenky školstva SR 2023 materské školy

Na minha lista:
Detalhes bibliográficos
Formato: Livro
Idioma:eslovaco
Publicado em: Bratislava Centrum vedecko-technických informácií SR 2023
Assuntos:
Tags: Adicionar Tag
Sem tags, seja o primeiro a adicionar uma tag!

MARC

LEADER 00000nam a2200000 4500
001 0300108
005 20251218100052.0
041 0 |a slo 
044 |a SK 
245 1 0 |a Separát štatistickej ročenky školstva SR 2023  |b materské školy 
264 1 |a Bratislava  |b Centrum vedecko-technických informácií SR  |c 2023 
300 |a 183 s. 
610 2 0 |a Slovensko 
610 2 0 |a školstvo 
610 2 0 |a školy materské 
610 2 0 |a školy základné